000
00314nam a2200133Ia 4500
005
20260328104247.0
008
260328s9999||||xx |||||||||||||| ||und||
100
_a
Ràfols, J.F.
245
0
_a
Historia del Arte /
_c
J.F. Ràfols
260
_b
Ramon Sopena S.A
300
_a
389 p.
650
_a
ARTE
942
_c
BK
999
_c
10107
_d
10107